000 00321nam a2200145Ia 4500
999 _c5817
_d5817
003 OSt
008 191201s2013 xx 000 0 und d
100 _aSUBRAMANIAN, K
245 0 _aFlow in Open Channels
250 _aRep
260 _aN. delhi
_bTMH
_c2013
300 _a548
650 _aB.Tech(CE)
942 _2ddc
_cBK
_01